000
00278nam a2200109Ia 4500
001
588695
005
20250717120836.0
008
250717s9999 xx 000 0 und d
245
0
_a
Y-4 SELÇUKLU HANIMLARI
_c
M.ALİ HACIGÖKMEN
260
_b
ÇİZGİ YAYINLARI
_c
2017
300
_b
95
999
_c
588695
_d
588695